Science Quiz

Random Science Quiz

Quiztastic Devilishly Difficult Science Quiz Stats

 Plays Quiz not verified by Sporcle

Score 0/27 Timer 07:00
0 Plays Today
% Correct
Albert Einstein
97.4%
The Sun
93.5%
Earth
91.6%
California
89.3%
Neptune
86.1%
Marie Curie
85.2%
Stockholm
61.5%
The Rhine
55.8%
Nicolaus Copernicus
54.3%
He
38.7%
Re
38.1%
Californium
34.6%
Einsteinium
33.2%
Curium
32.6%
% Correct
Neptunium
30.5%
Es
28.4%
Cf
27.5%
Np
27.4%
Cm
26.4%
Helium
24.2%
Copernicium
23.3%
Cn
22.6%
Te
22.1%
Rhenium
20.1%
Ho
19.4%
Holmium
14.6%
Tellurium
13.2%

You're not logged in!

Compare scores with friends on all Sporcle quizzes.
OR
Log In

Show Comments

Extras

Top Quizzes Today


Score Distribution

Your Account Isn't Verified!

In order to create a playlist on Sporcle, you need to verify the email address you used during registration. Go to your Sporcle Settings to finish the process.

Report this User

Report this user for behavior that violates our Community Guidelines.

Details: